Návrh metodiky vkladania synchrónneho krúžku do pracovného priestoru stroja

Uložené v:
Podrobná bibliografia
Hlavný autor: Nejedlík, Michal (Autor)
Ďalší autori: Hrušková, Erika (Vedúci práce)
Médium: Rukopis Kniha
Jazyk:Slovak
Vydavateľské údaje: 2019
Predmet:
On-line prístup:http://is.stuba.sk/zp/portal_zp.pl?podrobnosti=138510
Tagy: Pridať tag
Žiadne tagy, Buďte prvý, kto otaguje tento záznam!

MARC

LEADER 00000ntm a22000003a 4500
001 stuzp72931
003 SK-STU
005 20190615212207.1
007 ta
008 150427s2015----xo-----f-mn---000-0-slo-d
040 |a STU  |b slo 
041 0 |a slo 
100 1 |a Nejedlík, Michal  |u 063000  |k Z4  |4 aut  |U MTF Materiálovotechnologická fakulta  |T MTF Ústav výrobných technológií  |X 71583  |U M3000  |Y 83  |7 71583 
242 0 1 |a Design of a method of inserting a synchronous ring into the operation space of machine  |y eng 
245 1 0 |a Návrh metodiky vkladania synchrónneho krúžku do pracovného priestoru stroja 
260 |c 2019 
650 4 |a senzor  |2 slo 
650 4 |a synchrónny krúžok  |2 slo 
650 4 |a zisťovanie polohy  |2 slo 
650 4 |a sensor  |2 eng 
650 4 |a synchronous ring  |2 eng 
650 4 |a position detection  |2 eng 
700 1 |a Hrušková, Erika  |u 063800  |k Z2  |4 ths  |U MTF Ústav výrobných technológií  |T MTF Katedra výrobných zariadení a systémov  |X 2876  |U M3800  |Y 660  |7 A000002876 
856 4 |u http://is.stuba.sk/zp/portal_zp.pl?podrobnosti=138510 
996 |c M* DP-13996  |l MMSKP  |s P  |a 0  |w stuzp72931_0001